[Event "United Insurance 6th"]
[Site "Dhaka"]
[Date "2003.03.09"]
[Round "2"]
[White "Tiviakov, Sergei"]
[Black "Rahman, Md Taibur"]
[Result "1-0"]
[WhiteElo "2635"]
[BlackElo "2300"]
[Annotator "Rogozenco,D"]
[PlyCount "43"]
[EventDate "2003.03.08"]
[EventType "tourn"]
[EventRounds "13"]
[EventCountry "BAN"]
[EventCategory "9"]
[SourceTitle "CBM 095"]
[Source "ChessBase"]
[SourceDate "2003.07.25"]
[SourceVersion "1"]
[SourceVersionDate "2003.07.25"]
[SourceQuality "1"]

1. e4 c5 2. c3 Nf6 3. e5 Nd5 4. Nf3 Nc6 5. Bc4 Nb6 6. Bb3 d5 7. exd6 e6 $5 8.
O-O Bxd6 9. d4 cxd4 (9... O-O $11) 10. Nxd4 (10. cxd4 {is more ambitious, but
of course it's not to everyone's taste to play IQP positions.}) 10... Nxd4 11.
Qxd4 O-O (11... Qc7 $5 12. Qxg7 Bxh2+ 13. Kh1 Be5 14. Qh6 Rg8 $132 {[%cal
Gc8d7,Gd7c6]}) 12. Nd2 Qc7 (12... Be7 13. Qe4 $14) (12... Nd5 $5) (12... e5 13.
Qe3 Qc7 14. Ne4 Be7 $11) 13. Nf3 Bd7 $6 (13... e5 $142) 14. Rd1 Nc8 $2 {
A dangerous strategy. Black had to accept an worse endgame. Now White quickly
will create threats on the kingside.} (14... Be7 15. Bf4 Qc5 16. Ne5 $5 Qxd4
17. Rxd4 $14 {/+/-}) 15. Qd3 Bc6 (15... h6 16. Bc2 f5 17. Bb3 $16) 16. Ng5 g6
17. Qh3 h5 18. g4 {A typical method of attack when black pieces are away from
the king.} Bxh2+ $2 {Of course the position is difficult for Black, but this
is just equivalent with resigning.} (18... Bf4 19. gxh5 Qe5 20. Nf3 Bxf3 21.
Qxf3 Bxc1 22. Raxc1 Qxh5 23. Qxh5 gxh5 24. Rd7 $16) 19. Qxh2 Qxh2+ 20. Kxh2
hxg4 21. Kg3 Ne7 22. Kxg4 1-0

[Event "SUI-ch"]
[Site "Pontresina"]
[Date "2000.07.21"]
[Round "9"]
[White "Ekstroem, Roland"]
[Black "Nemet, Ivan"]
[Result "1-0"]
[WhiteElo "2487"]
[BlackElo "2412"]
[Annotator "Rogozenco,D"]
[PlyCount "67"]
[EventDate "2000.07.13"]
[EventType "tourn"]
[EventRounds "9"]
[EventCountry "SUI"]
[EventCategory "9"]
[SourceTitle "CBM 079"]
[Source "ChessBase"]
[SourceDate "2000.11.21"]
[SourceVersion "1"]
[SourceVersionDate "2000.11.21"]
[SourceQuality "1"]

1. e4 c5 2. c3 d5 3. exd5 Nf6 $6 4. d4 (4. c4 e6 5. dxe6 Bxe6 $44) (4. Bb5+
Nbd7 (4... Bd7 5. Bxd7+ Qxd7 6. c4 e6 7. Qe2) 5. d4) 4... cxd4 5. Bb5+ Nbd7 ({
Probably better is} 5... Bd7 6. Bc4 $14) 6. Qxd4 g6 7. d6 $1 {White decided to
give back the pawn immediately and break Black's structure. A possible and
resonable approach against a doubtful opening line.} exd6 (7... a6 8. dxe7
Qxe7+ 9. Be2 $16 {/+-.}) 8. Nf3 $16 {/+-.} Qe7+ 9. Kd1 $1 $18 {After just 9
moves White has an winning position. A rare case in the chess practice.} a6 {
There is no way to save the Queen!} 10. Re1 axb5 11. Rxe7+ Bxe7 12. Bh6 Nc5 13.
Nbd2 Bd7 14. Ng5 {[%cal Rg5e4]} Rg8 (14... Ra4 15. b4 $18) 15. f3 d5 16. g4 Bc6
17. Kc2 Ra4 18. Qe5 Kd7 19. Nxf7 Re8 20. Bg5 d4 21. Bxf6 d3+ 22. Kd1 Bf8 23.
Qg5 Ne6 24. Qe3 Nf4 25. Ne5+ Kc8 26. b3 Nd5 27. Qxd3 Rf4 28. Bg5 Rxe5 29. Bxf4
Nxf4 30. Qd4 Bxf3+ 31. Kc2 Bxg4 32. Qxe5 Bf5+ 33. Ne4 Ne6 34. Rf1 1-0

[Event "World Youth Stars 3rd"]
[Site "Kirishi"]
[Date "2005.05.23"]
[Round "9"]
[White "Zhigalko, Sergei"]
[Black "Karjakin, Sergey"]
[Result "0-1"]
[WhiteElo "2462"]
[BlackElo "2635"]
[Annotator "Rogozenco,D"]
[PlyCount "82"]
[EventDate "2005.05.14"]
[EventType "tourn"]
[EventRounds "11"]
[EventCountry "RUS"]
[EventCategory "10"]
[SourceTitle "CBM 107"]
[Source "ChessBase"]
[SourceDate "2005.08.01"]
[SourceVersion "1"]
[SourceVersionDate "2005.08.01"]
[SourceQuality "1"]

1. e4 c5 2. c3 Nf6 3. e5 Nd5 4. Nf3 d6 5. d4 cxd4 6. Bc4 Nb6 7. Bb3 Nc6 8. exd6
Qxd6 9. O-O Be6 10. Na3 dxc3 11. Qe2 Bxb3 12. Nb5 Qb8 13. axb3 e5 (13... g6 $11
) 14. Nbd4 f6 {Black is the defending side and he still needs a lot of
accuracy before reaching complete equality. It was best to exchange knights at
once, since later taking on d4 is no longer convenient, while after taking on
c6 White breaks opponent's pawn formation.} (14... Nxd4 $142 15. Nxd4 f6 $14 {
/=}) 15. bxc3 Kf7 (15... Nxd4 16. cxd4 $16) 16. Nxc6 bxc6 17. Qe4 Qd6 {
According to Rozentalis this is already almost a decisive mistake.} (17... Be7
18. Qxc6 (18. Be3 $5) 18... Qc8 19. Qxc8 Rhxc8 20. c4 $14) 18. Be3 $146 ({
Rozentalis won convincingly after} 18. Ra5 {but Black's play was poor.} Nd7 $6
({Here Black can improve:} 18... Be7 19. Ba3 Qd7 (19... Qe6 $2 20. Nxe5+) 20.
Bxe7 Qxe7 21. c4 $44 {White has a powerful compensation for the pawn,
nevertheless it is unclear whether it secures a real advantage, after for
instance} Qb7 {[%cal Gg7g6,Yf7g7]}) 19. Re1 $1 Be7 20. Ba3 c5 21. b4 $1 $16 {
1-0 Rozentalis,E (2570)-Lesiege,A (2584)/Montreal 2000 (30)}) 18... Nd5 (18...
Qd5 19. Ng5+ $5 (19. Qc2 $44) 19... fxg5 20. Qf5+ Kg8 21. Bxb6 $16) 19. c4 Nb4
20. Bxa7 $2 {A very bad moment to regain the pawn. It allows Black to activate
his queen very comfortably.} ({Correct was to increase the pressure and bring
the last piece into play:} 20. Rfd1 $1 Qe6 (20... Qc7 $2 21. Qf5 $18) 21. Ra5
$5 (21. Bxa7 $14) 21... Be7 22. Bd2 $1 {Creating several tactical threats,
like for instance Bxb4 followed by Rxe5 and Ng5+. Sometimes White can even
sacrifice a piece starting with Ng5+.} (22. Rda1 $44) 22... Rhd8 (22... a6 $2
23. Bxb4 Bxb4 24. Rxe5 $18) (22... Rad8 23. Ng5+ $5 fxg5 24. Rxe5 Qd7 25. Rxe7+
Qxe7 26. Qxe7+ Kxe7 27. Bxg5+ Ke6 28. Bxd8 $16) (22... h6 $2 23. Nxe5+ fxe5 24.
Rxe5 Qd7) 23. Qxh7) ({Also good looks} 20. c5 {[%cal Ge4b4]} Qb8 21. Qf5 {
[%cal Gf3g5]}) 20... Qd3 $1 {Now White must play accurately to keep the
position balanced.} 21. Qg4 $6 ({Better is} 21. Qxd3 Nxd3 {and although Black
needs only to develop the bishop from f8 in order to achieve advantage (a more
centralized king, target on b3 and strong knight on d3), White is in time to
create his own play:} 22. Rfd1 e4 (22... Nb4 23. Kf1 Be7 24. Ke2 $11) 23. Nd4
c5 24. Nb5 Be7 25. f3 f5 26. fxe4 fxe4 27. Ra2 $13) 21... Be7 ({There is no
point to create weaknesses with the advance} 21... h5 $6 {in view of the simple
} 22. Qh3) 22. Rad1 Qg6 23. Qd7 (23. Qxg6+ hxg6 24. Rd7 Nd3 $1 (24... Ke6 25.
Rxe7+ Kxe7 26. Bc5+) 25. Rxd3 (25. Ne1 Ke6) 25... Rxa7 $17 {[%cal Gh8b8]})
23... Rhd8 24. Qb7 Rxd1 25. Rxd1 Rd8 (25... Qc2 $2 26. Rf1 {[%cal Ga7c5]}) 26.
Rf1 {White has no choice, which is a clear indicator that Black took over the
initiative.} (26. Rxd8 $4 Qb1+) (26. Ra1 Qd3 $17) 26... Kf8 $1 27. Bb6 Rd3 $17
{Besides the fact that Black is highly active, all his pieces coordonate
extremely well (and actually all the pieces and pawns are very nicely
protected).} 28. Qc8+ (28. Ba5 $142 Rxb3 29. Bxb4 Rxb4 30. Qxc6 Qd3 $17) 28...
Qe8 29. Qf5 g6 30. Qe6 Qd7 31. Qxd7 Rxd7 {The endgame is very difficult for
White due to the weakness on b3.} 32. Be3 Rd3 33. Rb1 Nc2 34. Kf1 e4 ({White
is almost in zugzwang and Karjakin wants more than a large advantage after} 
34... Nxe3+ 35. Ke2 Rc3 36. fxe3 Rc2+ 37. Kf1 Bc5) 35. Ke2 Bb4 $19 36. h4 (36.
Nd2 f5 $19) 36... Kf7 37. Bd2 Na3 38. Ra1 Be7 39. Bc1 $2 (39. Be3 $17) 39...
Nc2 $19 40. Ra2 (40. Ra8 exf3+ 41. Kxd3 fxg2 $19) 40... exf3+ 41. gxf3 Nb4 0-1

[Event "RUS-chT 12th"]
[Site "Sochi"]
[Date "2005.04.22"]
[Round "4"]
[White "Morozevich, Alexander"]
[Black "Svidler, Peter"]
[Result "1/2-1/2"]
[WhiteElo "2717"]
[BlackElo "2725"]
[Annotator "Rogozenco,D"]
[PlyCount "84"]
[EventDate "2005.04.19"]
[EventType "team-tourn"]
[EventRounds "11"]
[EventCountry "RUS"]
[SourceTitle "EXT 2020"]
[Source "ChessBase"]
[SourceDate "2019.10.17"]
[SourceVersion "1"]
[SourceVersionDate "2019.10.17"]
[SourceQuality "1"]
[WhiteTeam "Tomsk 400"]
[BlackTeam "Kazan Ladya"]
[WhiteTeamCountry "RUS"]
[BlackTeamCountry "RUS"]

1. e4 c5 2. Nf3 e6 3. c3 Nf6 4. e5 Nd5 5. g3 Nc6 6. Bg2 d6 7. exd6 Bxd6 8. d4
O-O 9. O-O cxd4 10. Nxd4 Nxd4 11. Qxd4 Qc7 12. Nd2 Bd7 13. Ne4 Be5 14. Qd3 Bc6
(14... a6 $11 {[%cal Gd7b5]}) 15. f4 Qb6+ (15... Bf6 16. c4 Ne7 17. Nxf6+ gxf6
18. b3 Rfd8 19. Qc3 Bxg2 20. Kxg2 Qc6+ 21. Kh3 Rd5 22. Qf3 Rd7 23. Bb2 Qxf3 24.
Rxf3 f5 25. Kg2 Nc6 26. Bf6 Nb4 27. Kf1 h5 28. Ke2 $16 {1-0 Baklan,V (2590)
-Van der Stricht,G (2375)/Gent 1999 (58)}) 16. Kh1 Bc7 17. c4 Nb4 {With this
dangerous strategy of leaving the kingside unprotected Black is walking on the
edge.} (17... Ne7 18. c5 Qb5 $13) 18. Qe2 Rfd8 19. Be3 Qa6 20. b3 $1 {The
throng of black pieces on the queenside secures White better prospects, who
besides the threat a2-a3 can also launch a kingside attack. Black must play
very precisely to avoid a quick loss.} ({Black is fine after the immediate} 20.
a3 Nd3 21. b3 Rd7 {For instance:} (21... Bb6 22. Rfd1) 22. Rfd1 Rad8 23. Rd2 (
23. Rxd3 $2 Rxd3 24. Nc5 Bxg2+ 25. Qxg2 Rd1+ $19) 23... Ba5 $17) 20... Bb6 (
20... Qa3 21. f5 $36 (21. Qh5 Qb2 (21... h6 22. f5 $36 Qa5 $140 23. Bxh6 $1 $18
) 22. Rae1 {[%cal Ge1e2]} g6 $1 $14 (22... Qxa2 23. Re2 Qxb3 24. Ng5 Bxg2+ 25.
Kxg2 $18 {After} Qxc4 {even} 26. f5 {is completely winning}))) (20... Nd3 21.
Rfd1 $16) 21. a3 (21. Nc5 $6 Bxc5 22. Bxc5 Bxg2+ 23. Qxg2 Nd3 {is fine for
Black}) (21. f5 $2 Bxe3 22. Qxe3 Nc2) 21... Nd3 (21... Nd5 22. Bxb6 axb6 (22...
Nxb6 $2 23. Nc5 Qa5 24. b4 $18) 23. f5 $16) 22. Rad1 (22. Rfd1 $5 Bxe4 23. Bxe4
Nc5 24. Bxh7+ Kxh7 25. Bxc5 Bxc5 26. Qh5+ Kg8 27. Qxc5 Rac8 28. Qb5 $14) 22...
Bxe4 $1 {Provoking White to win a pawn.} (22... Bxe3 23. Qxe3 Nb2 24. Rb1 Qxa3
25. Qc1 Rd4 26. Ng5 Bxg2+ 27. Kxg2 $18) (22... f5 23. Bxb6 (23. Rxd3 Rxd3 24.
Qxd3 fxe4 $13 25. Bxe4 $140 $2 Rd8) 23... Qxb6 (23... axb6 24. Ng5 Bxg2+ 25.
Kxg2 $18) 24. Rxd3 (24. Ng5 $2 Nf2+ $19) 24... Rxd3 25. Qxd3 fxe4 (25... Rd8
26. c5 $1) 26. Bxe4 Bxe4+ 27. Qxe4 Qxb3 28. Qxe6+ Kh8 29. f5 $36 (29. Qf7 Qxa3
30. Qxb7 $16) 29... Qd3 30. Kg2 $16) 23. Bxe4 Nc5 24. Bxh7+ {Wins a pawn, but
exchanges all minor pieces, after which Black will reach a draw thanks to
White's exposed king.} (24. Bc2 $142 $14 Qxa3 25. Bc1 Qb4 (25... Qa6 26. b4 Nd7
27. Bb2 Rac8 28. Bd3 $16) 26. Bd2 Qa3 27. b4 Nd7 28. Rf3 $16) 24... Kxh7 25.
Bxc5 Bxc5 26. Qh5+ Kg8 27. Qxc5 Rac8 28. Qb5 ({White does not win the endgame
also after} 28. Rxd8+ Rxd8 29. f5 Qc6+ 30. Qxc6 bxc6 31. fxe6 fxe6 32. Kg2 Rd3
33. Rf3 Rd2+ 34. Rf2 Rd3 35. Rb2 Rc3 {and Black must be able to achieve a draw
without problems.}) (28. Qb4 $2 Qc6+ 29. Kg1 Rxd1 30. Rxd1 Qf3 31. Re1 Rd8 $132
) 28... Qxa3 29. Qxb7 Rb8 30. Rxd8+ Rxd8 {Black's control over the d-file and
White's exposed king secure enough compensation for the pawn.} 31. f5 (31. Qf3
Rb8 32. Rb1 a5 33. f5 exf5 34. Qxf5 Rxb3 $11) 31... exf5 32. Rxf5 Qc1+ 33. Kg2
Rd2+ 34. Kh3 Rxh2+ $1 {A logical end of the game. Black saves himself with a
perpetual.} 35. Kxh2 Qc2+ 36. Qg2 Qxf5 37. Qa8+ Kh7 38. Qxa7 Qc2+ 39. Kh3 Qf5+
40. Kg2 Qe4+ 41. Kh2 Qc2+ 42. Kh3 Qf5+ 1/2-1/2

[Event "SCG-ch 1st"]
[Site "Kopaonik"]
[Date "2005.04.12"]
[Round "10"]
[White "Markovic, Miroslav"]
[Black "Vuckovic, Bojan"]
[Result "0-1"]
[WhiteElo "2509"]
[BlackElo "2529"]
[Annotator "Rogozenco,D"]
[PlyCount "100"]
[EventDate "2005.04.02"]
[EventType "tourn"]
[EventRounds "13"]
[EventCountry "YUG"]
[EventCategory "11"]
[SourceTitle "CBM 107"]
[Source "ChessBase"]
[SourceDate "2005.08.01"]
[SourceVersion "1"]
[SourceVersionDate "2005.08.01"]
[SourceQuality "1"]

1. e4 c5 2. c3 Nf6 3. e5 Nd5 4. Nf3 Nc6 5. d4 ({Lately White players try to
delay this advance for a while:} 5. Bc4 Nb6 6. Bb3 d5 (6... c4 7. Bc2 $13 {/+/=
}) 7. exd6 Qxd6 8. Na3) 5... cxd4 6. Bc4 Nb6 7. Bb3 d5 8. exd6 Qxd6 9. Na3 ({
Probably already here more realistic for White is to forget about ambitious
intentions and play equal positions after} 9. O-O Be6 10. Bxe6 Qxe6 11. Nxd4
$11) 9... dxc3 10. Qe2 {A line that in the best case brings White a draw.} (10.
Qxd6 exd6 11. Nb5 $11) 10... Bf5 $1 11. Nb5 Qd7 12. Ne5 Nxe5 13. Qxe5 Rc8 14.
O-O {White does not equalize after other moves:} (14. Nxa7 f6 15. Qa5 cxb2 16.
Bxb2 Nc4 17. Qc3 Nxb2 18. Nxc8 Nd3+ 19. Kf1 Qxc8 20. Ba4+ Kf7 21. Bb3+ Kg6 $17
{0-1 Penttinen,J (2366)-Timoshenko,G (2528)/Chalkidiki 2002 (43)}) (14. Nxc3 f6
15. Qg3 Qd3 16. Qxd3 Bxd3 17. Be3 Bc4 $15 {/-/+ 1/2-1/2 Vajda,L (2537)-Golubev,
M (2536)/Bucharest 2003 (29)}) 14... Nc4 15. Bxc4 Rxc4 16. b3 (16. Bf4 $2 f6
17. Qb8+ Rc8 18. Nc7+ Kf7 $19 {0-1 Palkovi,J (2420)-Wells,P (2495)/Budapest
1997(31)}) (16. Nxc3 $142 e6 17. Re1 Rc5 18. Qg3 Bg6 (18... f6 19. Bf4 Kf7 20.
Rad1 Qc6 21. Bd6 Rc4 22. h3 e5 23. Bxf8 Rxf8 24. Qe3 a6 25. Rd2 $15 {1/2-1/2
Vajda,L (2459)-Rogozenko,D (2562)/Bucharest 2000 (56)}) 19. Bf4 Be7 (19... Qd3
$5) 20. Rad1 Qc6 21. Be3 Rc4 22. Qb8+ Qc8 23. Qxc8+ Rxc8 24. Bxa7 $11) 16...
Rc8 (16... f6 $1 17. Qg3 ({White is also struggling to survive after} 17. Nd6+
Qxd6 18. Qxd6 exd6 19. bxc4 Kd7 {although this is better than the retreat of
the queen to g3, after which Black is close to winning.}) 17... Rg4 18. Qb8+
Kf7 19. Nxc3 Qc6 (19... Rxg2+ 20. Kxg2 Bh3+ 21. Kh1 (21. Kg1 e5 $19) 21... Bxf1
$19) 20. f3 e5 $1 21. Be3 Qxc3 $19 {0-1 Jeric,S (2305)-Sebenik,M (2440)/Kranj
2004/ (32)}) 17. Re1 e6 18. Nxa7 Rc5 19. Qb8+ Qd8 20. Qxb7 Qd5 21. Qb6 $146 (
21. Qb8+ Qd8 22. Qb4 Qa5 23. Qb7 Qc7 24. Qa8+ Qd8 25. Qxd8+ $2 Kxd8 26. a4 c2
27. a5 Kc7 28. b4 Rd5 29. b5 Kb7 30. Be3 Bc5 $19 {0-1 Vajda,L (2539)-Horvath,A
(2464)/Budapest 2002 (49)}) 21... Qd8 22. Qa6 $2 (22. Qb7 $11) 22... Bd3 23.
Qa4+ Qd7 24. Qg4 (24. Qxd7+ Kxd7 {[%csl Ra7]} 25. a4 (25. Be3 Rd5 26. Rec1 c2
$19) 25... Ra5 26. Nb5 Bxb5 27. Re5 $1 Bd6 28. Rxb5 Rxb5 29. axb5 Rb8 30. Ra7+
Ke8 $19) 24... Qxa7 $19 25. Be3 Qd7 26. Bxc5 Bxc5 27. b4 (27. Qxg7 Bd4 28. Qg3
c2 29. Rac1 Bb2 $19) 27... Ba7 28. Qxg7 Bd4 29. Qg3 c2 30. Rac1 Bb2 31. Rcd1
cxd1=Q 32. Rxd1 Qb5 $19 33. Rxd3 Be5 34. Qe3 Qxb4 35. Rb3 Qd6 36. Rd3 Qb4 37.
Rb3 Qd6 38. Rd3 Qc7 39. Qg5 h6 40. Qg4 Bxh2+ 41. Kh1 Bf4 42. g3 Be5 43. Qa4+
Kf8 44. Qb4+ Kg7 45. Qg4+ Kh7 46. Qe4+ f5 47. Qa4 Rd8 48. Re3 Bd4 49. Rxe6 Bxf2
50. Qa3 Qxg3 0-1

[Event "NED-ch62"]
[Site "Hilversum"]
[Date "2007.06.22"]
[Round "6"]
[White "Tiviakov, Sergei"]
[Black "Spoelman, Wouter"]
[Result "1-0"]
[WhiteElo "2663"]
[BlackElo "2428"]
[Annotator "Rogozenco,D"]
[PlyCount "71"]
[EventDate "2007.06.16"]
[EventType "tourn"]
[EventRounds "11"]
[EventCountry "NED"]
[EventCategory "12"]
[SourceTitle "CBM 119"]
[Source "ChessBase"]
[SourceDate "2007.08.01"]
[SourceVersion "1"]
[SourceVersionDate "2007.08.01"]
[SourceQuality "1"]

1. e4 c5 2. c3 d5 3. exd5 Qxd5 4. d4 Nf6 5. Nf3 Bg4 6. Nbd2 Nc6 7. Bc4 Bxf3 8.
Qb3 Na5 9. Qb5+ Qd7 10. Nxf3 Nxc4 11. Qxc4 cxd4 12. Nxd4 e6 {A variation which
rightly is considered equal by theory. In the Alapin Sicilian Sergey Tiviakov
often goes to positions where he is happy even with a minor initiative and
then exploits mistakes by his opponents . The present game is no exception.}
13. Bg5 Rc8 14. Qe2 Nd5 {It is not clear why should Black voluntarily leave
the kingside with the knight.} ({Better is the approved} 14... Be7 {and if} 15.
Rd1 {then} Qd5 $11 {One example:} 16. Bxf6 (16. Nf3 Qa5 17. O-O O-O $11) 16...
Bxf6 17. Qb5+ Qxb5 18. Nxb5 Ke7 19. Ke2 Rc5 20. Nd6 Be5 $1 $15 {1/2-1/2 Peptan,
C (2479)-Zhu Chen (2509)/Bled 2002 (51)}) 15. Rd1 h6 {Again Black shows
negligence. There was no need to make any weaknesses on the kingside.} 16. Bh4
Bc5 {Continuing the same provocative play.} (16... Be7 {was possible, since
White achieves little by} 17. Bxe7 Qxe7 18. Qb5+ Qd7) 17. Nf3 b5 (17... O-O $2
18. c4 $18) 18. Ne5 Qb7 {In spite of his activity, White cannot achieve
anything concrete.} 19. Qf3 ({White had at his disposal the attractive
sacrifice} 19. Qg4 O-O 20. Rxd5 $5 {For instance:} Qxd5 (20... exd5 $2 21. Bf6
g6 22. Nxg6 $18) 21. Bf6 g6 (21... g5 22. h4 Qxa2 23. O-O $18) 22. Nxg6 {
This is not the end yet:} Bxf2+ $1 23. Ke2 (23. Kxf2 Qd2+ 24. Kg3 Qd3+ $19 {
[%cal Gd3g6]}) 23... Qc4+ 24. Qxc4 Rxc4 25. Nxf8 Kxf8 26. Rd1 $1 (26. Kxf2 Rf4+
$11) 26... Bb6 27. Kf3 $14 {The problem with this variation is that during the
game White must also calculate moves like 20...h5 and 20...f5, which is a
highly difficult task. If something doesn't work, then White might end up with
the worse position and no time. Therefore Tiviakov simply increases the
pressure.}) 19... O-O 20. O-O a5 21. Rfe1 {The position is close to equal, but
Black must always watch out for different tactical ideas from White. To put it
differently: in order to prove equality Black still needs a lot of accuracy.}
Bd6 22. Ng4 (22. Rd4 $5) 22... Qc7 23. Kh1 b4 24. Nxh6+ $5 (24. Rd4 {brings
nothing. Black takes on c3} bxc3 {and after} 25. Nxh6+ gxh6 26. Rg4+ Kh7 27.
Bf6 Nxf6 28. Qxf6 {defends with the simple} Rg8 $19) ({There is also no time
for} 24. Re4 bxc3 25. Nxh6+ gxh6 26. Rxd5 {in view of} c2 (26... exd5 27. Rg4+
$18) 27. Rg4+ Kh7 28. Qd3+ f5 $19) 24... gxh6 25. Rxd5 exd5 26. Qg4+ Kh7 27.
Qf5+ Kg8 28. Bf6 ({Objectively correct is} 28. Qg4+ Kh7 29. Qf5+ {with a draw.}
) 28... Bf4 $2 ({After} 28... Qc4 $1 {(taking control over square g4)} 29. Bd4
{Black has} Be7 $1 {The only move, but enough for a successful defense:} 30.
Qg4+ (30. Rxe7 $4 Qf1#) (30. h4) (30. Qe5 f6 31. Qxe7 $140 Rfe8 $19) 30... Bg5
31. h4 Rfe8 $1 $17 ({Not bad is also} 31... bxc3 32. hxg5 ({there is no time
for} 32. bxc3 Rfe8 {and White is in troubles:} 33. Re3 (33. Rg1 Re4 $19) (33.
Rxe8+ Rxe8 34. hxg5 Qe2 35. f3 (35. Qg3 $2 Qh5+ $19) (35. Qh4 Qxa2 $19 {
[%cal Ga2b1,Gb1h7,Gb1g6]}) 35... Qe6) 33... Rxe3 34. fxe3 Rb8 35. hxg5 Qc6 36.
gxh6+ (36. Qf4 Rb1+ 37. Kh2 Qg6 $19) 36... Qg6 $19) 32... Rc6 $17 {[%cal Gc6g6]
}) (31... Qd3 {is weaker:} 32. hxg5 Qg6 33. Re5 $1 $36)) 29. Qg4+ Bg5 30. Re5
$1 {Black must have missed this nice resource.} Rfd8 $2 ({More tenacious is} 
30... Qxe5 31. Bxe5 Rfe8 {although White should win after} 32. g3 $18) 31. Bxg5
{It looks like there was mutual time-trouble.} ({After} 31. Rxg5+ $1 hxg5 {
both 32.Qh3! and 32.Qh5! lead to immediate mate}) 31... Qd7 $2 (31... Qc4 {
still defends:} 32. Qxc4 ({or} 32. Bf4+ Kh8 33. h3 Rg8 $13) 32... dxc4 33. Bxd8
Rxd8 {and Black must be able to achieve a draw.}) 32. Qg3 $18 hxg5 33. Qxg5+
Kh7 34. Qf6 Qg4 35. Qxf7+ Kh6 36. Re6+ 1-0

[Event "EU-Cup 16th"]
[Site "Neum"]
[Date "2000.09.25"]
[Round "2.5"]
[White "Savic, Miodrag R"]
[Black "Mikhalevski, Victor"]
[Result "1-0"]
[WhiteElo "2441"]
[BlackElo "2532"]
[Annotator "Rogozenco,D"]
[PlyCount "61"]
[EventDate "2000.09.24"]
[EventType "team-swiss"]
[EventRounds "7"]
[EventCountry "BIH"]
[SourceTitle "CBM 080"]
[Source "ChessBase"]
[SourceDate "2001.01.25"]
[SourceVersion "1"]
[SourceVersionDate "2001.01.25"]
[SourceQuality "1"]
[WhiteTeam "Boksit Milici"]
[BlackTeam "Beer Sheva"]
[WhiteTeamCountry "BIH"]
[BlackTeamCountry "ISR"]

1. e4 c5 2. c3 Nf6 3. e5 Nd5 4. Nf3 Nc6 5. d4 cxd4 6. Bc4 Nb6 7. Bb3 d5 8. exd6
Qxd6 9. O-O Be6 10. Bxe6 Qxe6 11. Nxd4 Nxd4 12. Qxd4 Rd8 13. Qh4 h5 14. h3 Qe2
({safer is} 14... Qc4) 15. Be3 Qxb2 16. Nd2 Rxd2 17. Rab1 Qc2 (17... Qxc3 18.
Bxd2 Qxd2 19. Rfd1 $36 {It is in White's favour the including of the moves h3,
h5 here. Without these moves Black would be better, but now White has a strong
initiative. For instance:} Qa5 20. Qg3 $18 {Unlike in the position without the
moves h3, h5, here Black cannot play 20. ... f6 in view of 21.Qg6 mate!}) 18.
Rfc1 Qd3 19. Bxd2 Qxd2 20. Rd1 Qe2 21. Qg3 e5 22. Re1 h4 23. Qh2 Qc4 $2 (23...
Qxa2 24. Qxe5+ Kd7 25. Rbd1+ Kc8 (25... Kc6 26. Qe8+ Kc7 27. Qd8+ Kc6 28. Re8
Qa3 29. c4 $16) 26. Qe8+ Kc7 27. Rd8 $16) 24. Qxe5+ Kd7 25. Red1+ Kc6 26. Qe8+
Kc5 27. Qe3+ Kc6 28. Rxb6+ Kc7 (28... axb6 29. Qe8+ Kc5 30. Qc8+ Kb5 31. Rb1+
$18) 29. Rbb1 Bc5 30. Qe5+ Kc6 31. Qf5 1-0